00889nam a2200229 i 4500003000900000005001700009007000300026008004100029020001900070040003000089041000800119082002100127245008100148264004800229300005500277336002700332337003300359338002800392505012500420650004800545650006600593DO-SdBNP20251202132939.0ta230627b2007 dr ac||| |||| 00| 0 spa d a9789968-875370 aDO-SdBNPbspacBNPHUerda aspa 4a331.4bR745t22210aRoles en tensión :bmadres trabajadoras en las zonas francas dominicanas / 1aSan José, Costa Rica :bFUNPAPEM,,c2007. a155 páginas :bilustraciones, retratos ;c29 cm. 2rdacontentatextobtxt 2rdamediaasin mediaciónbn 2rdacarrieravolumenbnc aEstudio nacional sobre discriminación laboral femenina por razones de género en las empresas textiles o maquiladoras 4aTrabajo de la mujerzRepública Dominicana 4aDiscriminación sexual en el trabajozRepública Dominicana